| 000 | 00769nam a22002057a 4500 | ||
|---|---|---|---|
| 999 |
_c18632 _d18632 |
||
| 003 | AR-CdUCM | ||
| 008 | 190514b ||||| |||| 00| 0 spa d | ||
| 040 |
_aMUNICIPALIDAD PROVINCIAL DEL CUSCO _cBIBLIOTECA MUNICIPAL DEL CUSCO |
||
| 082 |
_a372.11 / _bM6 |
||
| 100 |
_aMiró Quesada, Luis _98105 |
||
| 245 | _aIdeas y realizaciones pedagógicas / | ||
| 260 |
_aLima : _bLibr. e Impr. Gil, |
||
| 300 |
_a310 páginas ; _c25 cm. |
||
| 505 | _aContenido: La palabra de la facultad -- Creación y funcionamiento del seminario de pedagogía -- Origen de la facultad de pedagogía... | ||
| 650 |
_aPruebas psicológicas _97330 |
||
| 650 |
_aFacultad de Educación _939334 |
||
| 650 |
_aSeminario de Pedagogía _939335 |
||
| 942 |
_2ddc _cLIBROS |
||
| 945 |
_adavv _d2019-05-14 |
||